[Event "Tradewise Gibraltar Masters 16th"]
[Site "Gibraltar"]
[Date "2018.02.01"]
[Round "10.122"]
[White "Gravett, Alan D"]
[Black "Bryant, Richard B E"]
[Result "0-1"]
[WhiteElo "1825"]
[BlackElo "2016"]
[PlyCount "52"]
[EventDate "2018.01.23"]
[EventType "swiss"]
[EventRounds "10"]
[EventCountry "GGB"]
[SourceTitle "BritBase"]
[Source "www.saund.co.uk"]
[SourceDate "2018.02.10"]
[SourceVersion "1"]
[SourceVersionDate "2018.02.10"]
[SourceQuality "1"]

1. g3 f5 2. d4 Nf6 3. c4 e6 4. Bg2 d5 5. Nf3 c6 6. cxd5 exd5 7. O-O Bd6 8. Nc3
O-O 9. Qb3 Kh8 10. Qc2 Ne4 11. Kh1 Nd7 12. Nxe4 fxe4 13. Ng5 Nb6 14. f3 Be7 15.
Nh3 exf3 16. exf3 Bf5 17. Qd1 Qd7 18. Nf4 Qc7 19. Nd3 Bf6 20. Bf4 Qd8 21. Be5
Nc4 22. Rf2 Qb6 23. Bxf6 Rxf6 24. Nf4 Nxb2 25. Qe1 Na4 26. g4 Qxd4 0-1

[Event "Tradewise Gibraltar Masters 16th"]
[Site "Gibraltar"]
[Date "2018.02.01"]
[Round "10.124"]
[White "Gillis Onieva, Celia"]
[Black "Burke, Mitchell R"]
[Result "1/2-1/2"]
[WhiteElo "1848"]
[BlackElo "1989"]
[PlyCount "82"]
[EventDate "2018.01.23"]
[EventType "swiss"]
[EventRounds "10"]
[EventCountry "GGB"]
[SourceTitle "BritBase"]
[Source "www.saund.co.uk"]
[SourceDate "2018.02.10"]
[SourceVersion "1"]
[SourceVersionDate "2018.02.10"]
[SourceQuality "1"]

1. d4 Nf6 2. c4 g6 3. Nc3 Bg7 4. e4 d6 5. Nf3 O-O 6. Be2 Nbd7 7. O-O e5 8. d5
a5 9. Ne1 Nc5 10. Qc2 Nfd7 11. Be3 f5 12. exf5 gxf5 13. f4 e4 14. Rd1 b6 15. b3
Nf6 16. Bd4 Bd7 17. a3 Qe8 18. b4 Nb7 19. Qd2 Qg6 20. Nc2 Nd8 21. c5 axb4 22.
axb4 bxc5 23. bxc5 dxc5 24. Bxc5 Re8 25. Nb5 Rc8 26. Bd4 Nb7 27. Ne3 Nd6 28.
Na7 Ra8 29. Rc1 Nc8 30. Rxc7 Nxa7 31. Bxa7 Rec8 32. Rfc1 Bh6 33. Nf1 Rd8 34. d6
Ne8 35. Bc4+ Kh8 36. Bc5 Bg7 37. Rb7 Be6 38. Bxe6 Qxe6 39. d7 Nf6 40. Rd1 Qc6
41. Qb4 Rxd7 1/2-1/2

[Event "Tradewise Gibraltar Masters 16th"]
[Site "Gibraltar"]
[Date "2018.02.01"]
[Round "10.125"]
[White "Yilmaz, Kazim"]
[Black "Dev, Shah"]
[Result "1/2-1/2"]
[WhiteElo "1656"]
[BlackElo "1977"]
[PlyCount "81"]
[EventDate "2018.01.23"]
[EventType "swiss"]
[EventRounds "10"]
[EventCountry "GGB"]
[SourceTitle "BritBase"]
[Source "www.saund.co.uk"]
[SourceDate "2018.02.10"]
[SourceVersion "1"]
[SourceVersionDate "2018.02.10"]
[SourceQuality "1"]

1. e4 e5 2. Nf3 Nc6 3. Bc4 Nf6 4. Ng5 d5 5. exd5 Na5 6. Bb5+ c6 7. dxc6 bxc6 8.
Ba4 h6 9. Nh3 Bg4 10. f3 Bxh3 11. gxh3 Qd4 12. Nc3 Qh4+ 13. Ke2 Bc5 14. Qf1 O-O
15. d3 Bd4 16. Bb3 Nxb3 17. axb3 Rae8 18. Be3 Nh5 19. Re1 Nf4+ 20. Bxf4 exf4+
21. Kd1 Rxe1+ 22. Qxe1 Qxh3 23. Qf1 Qf5 24. Qe2 Qa5 25. Na4 Bxb2 26. Qd2 Qxd2+
27. Kxd2 Bd4 28. Re1 Be3+ 29. Kd1 g5 30. Nb2 f5 31. Nc4 Re8 32. Nd6 Re5 33. Nc4
Re6 34. Nxe3 Rxe3 35. Rf1 Kf7 36. Kd2 Kf6 37. Rf2 c5 38. Rf1 h5 39. h3 h4 40.
Rf2 g4 41. fxg4 1/2-1/2

[Event "Tradewise Gibraltar Masters 16th"]
[Site "Gibraltar"]
[Date "2018.02.01"]
[Round "10.126"]
[White "Mozelius, Peter"]
[Black "Helin, Mikael"]
[Result "1/2-1/2"]
[WhiteElo "1871"]
[BlackElo "1962"]
[PlyCount "92"]
[EventDate "2018.01.23"]
[EventType "swiss"]
[EventRounds "10"]
[EventCountry "GGB"]
[SourceTitle "BritBase"]
[Source "www.saund.co.uk"]
[SourceDate "2018.02.10"]
[SourceVersion "1"]
[SourceVersionDate "2018.02.10"]
[SourceQuality "1"]

1. Nf3 d6 2. d4 Nc6 3. Bf4 g6 4. e3 Bg7 5. c3 Nf6 6. h3 O-O 7. Be2 Kh8 8. Nbd2
Nd7 9. O-O h6 10. e4 e5 11. dxe5 dxe5 12. Be3 f5 13. exf5 gxf5 14. Nb3 Qe7 15.
Qc2 f4 16. Bd2 Nb6 17. Bd3 a5 18. Rfe1 a4 19. Nbd4 Na5 20. Nf5 Bxf5 21. Bxf5
Nac4 22. Be4 Nd6 23. Rad1 Nd7 24. Bg6 c5 25. c4 Ra6 26. Re2 Nxc4 27. Bc3 b5 28.
Bd3 Re6 29. Rde1 Ndb6 30. a3 Rc8 31. Bf5 Rcc6 32. Bxe6 Rxe6 33. Qf5 Nd7 34. Qe4
b4 35. Bd2 Nxd2 36. Rxd2 Nf6 37. Qa8+ Kh7 38. Nh4 e4 39. Nf5 Qf7 40. f3 exf3
41. Red1 Ne4 42. Nxg7 f2+ 43. Rxf2 Nxf2 44. Nxe6 Nxd1 45. Qe4+ Kg8 46. Qa8+ Kh7
1/2-1/2

[Event "Tradewise Gibraltar Masters 16th"]
[Site "Gibraltar"]
[Date "2018.02.01"]
[Round "10.128"]
[White "Odeh, Kenneth"]
[Black "Edvardsen, Ragnar"]
[Result "1/2-1/2"]
[WhiteElo "1922"]
[BlackElo "1968"]
[PlyCount "59"]
[EventDate "2018.01.23"]
[EventType "swiss"]
[EventRounds "10"]
[EventCountry "GGB"]
[SourceTitle "BritBase"]
[Source "www.saund.co.uk"]
[SourceDate "2018.02.10"]
[SourceVersion "1"]
[SourceVersionDate "2018.02.10"]
[SourceQuality "1"]

1. e4 c6 2. d4 d5 3. Nc3 dxe4 4. Nxe4 Nf6 5. Ng5 Bf5 6. Bd3 Nbd7 7. N1f3 e6 8.
Ne5 Nxe5 9. Bxf5 Ng6 10. Qe2 Qa5+ 11. Bd2 Qxf5 12. O-O-O Bd6 13. h4 h5 14. Kb1
O-O 15. f3 b5 16. Rdg1 a5 17. g4 Qd5 18. Ne4 b4 19. gxh5 Nxe4 20. fxe4 Qxd4 21.
hxg6 fxg6 22. Qg4 Rf6 23. Bc1 Be5 24. h5 g5 25. Qxg5 Rf2 26. Qe3 a4 27. h6 Qxe3
28. Bxe3 Re2 29. Re1 Rxe1+ 30. Rxe1 1/2-1/2

[Event "Tradewise Gibraltar Masters 16th"]
[Site "Gibraltar"]
[Date "2018.02.01"]
[Round "10.129"]
[White "Bullock, Lee"]
[Black "Francois-Haugrin, Said"]
[Result "0-1"]
[WhiteElo "1572"]
[BlackElo "1714"]
[PlyCount "26"]
[EventDate "2018.01.23"]
[EventType "swiss"]
[EventRounds "10"]
[EventCountry "GGB"]
[SourceTitle "BritBase"]
[Source "www.saund.co.uk"]
[SourceDate "2018.02.10"]
[SourceVersion "1"]
[SourceVersionDate "2018.02.10"]
[SourceQuality "1"]

1. e4 c5 2. d4 cxd4 3. c3 dxc3 4. Nxc3 d6 5. Nf3 Bg4 6. Bc4 Nf6 7. Qb3 e6 8.
Qxb7 Nbd7 9. Nb5 Rc8 10. Bb3 Nc5 11. Qxa7 Be7 12. Nc3 O-O 13. Bc2 Ra8 0-1

[Event "Tradewise Gibraltar Masters 16th pl/off"]
[Site "Gibraltar"]
[Date "2018.02.01"]
[Round "1.1"]
[White "Rapport, Richard"]
[Black "Aronian, Levon"]
[Result "0-1"]
[WhiteElo "2700"]
[BlackElo "2797"]
[PlyCount "94"]
[EventDate "2018.02.01"]
[EventType "k.o. (blitz)"]
[EventRounds "2"]
[EventCountry "GGB"]
[SourceTitle "twic1213"]
[Source "Mark Crowther"]
[SourceDate "2018.02.05"]
[SourceVersion "1"]
[SourceVersionDate "2018.02.05"]
[SourceQuality "2"]

1. d4 Nf6 2. Bf4 d5 3. e3 e6 4. Nf3 c5 5. Be2 Nc6 6. O-O Be7 7. dxc5 Bxc5 8. c4
O-O 9. Nc3 dxc4 10. Bxc4 Qxd1 11. Rfxd1 b6 12. Ng5 Be7 13. Nge4 Rd8 14. Bb5 Bb7
15. Nd6 Bxd6 16. Bxd6 Rac8 17. f3 a6 18. Be2 b5 19. Kf2 e5 20. Rac1 h6 21. h4
Ne8 22. Bc5 Rxd1 23. Rxd1 Nd8 24. a4 Ne6 25. Ba3 bxa4 26. Nxa4 Nf6 27. Rd2 e4
28. Nb6 Rb8 29. Nc4 Bc6 30. Nd6 Bb5 31. Nxb5 axb5 32. Bd6 Rb7 33. Bb4 Nc7 34.
Rd8+ Kh7 35. Bc3 Ne6 36. Ra8 Nd5 37. Be5 Nb6 38. Re8 Nc4 39. Bc3 Nc5 40. Bb4
Nd3+ 41. Bxd3 exd3 42. b3 Nb2 43. Rc8 Nd1+ 44. Ke1 Nxe3 45. Kf2 Nc2 46. Bc5 Rd7
47. Be3 Nxe3 {time limit 10m + 5s} 0-1

[Event "Tradewise Gibraltar Masters 16th pl/off"]
[Site "Gibraltar"]
[Date "2018.02.01"]
[Round "1.2"]
[White "Aronian, Levon"]
[Black "Rapport, Richard"]
[Result "1-0"]
[WhiteElo "2797"]
[BlackElo "2700"]
[PlyCount "73"]
[EventDate "2018.02.01"]
[EventType "k.o. (blitz)"]
[EventRounds "2"]
[EventCountry "GGB"]
[SourceTitle "twic1213"]
[Source "Mark Crowther"]
[SourceDate "2018.02.05"]
[SourceVersion "1"]
[SourceVersionDate "2018.02.05"]
[SourceQuality "2"]

1. d4 Nf6 2. Nf3 d6 3. g3 g6 4. Bg2 Bg7 5. O-O O-O 6. Re1 Nbd7 7. e4 e5 8. Nc3
Re8 9. h3 b6 10. a4 a6 11. d5 a5 12. Nd2 Re7 13. Nc4 Nc5 14. Bg5 h6 15. Be3 Ba6
16. Na3 Nh7 17. Qd2 Qf8 18. Nab5 h5 19. Rf1 Rae8 20. Bxc5 dxc5 21. d6 Rd7 22.
Rfd1 Bxb5 23. Nxb5 c6 24. Na3 h4 25. Nc4 Rb8 26. Ra3 Qd8 27. Rd3 Ng5 28. f4
exf4 29. gxf4 Ne6 30. e5 Bh6 31. Rf1 b5 32. Nxa5 Nxf4 33. Nxc6 Qb6 34. Rxf4 c4+
35. Rdd4 f6 36. a5 Qc5 37. Nxb8 {time limit 10m + 5s} 1-0

[Event "Tradewise Gibraltar Masters 16th pl/off"]
[Site "Gibraltar"]
[Date "2018.02.01"]
[Round "2.1"]
[White "Aronian, Levon"]
[Black "Vachier-Lagrave, Maxime"]
[Result "1/2-1/2"]
[WhiteElo "2797"]
[BlackElo "2793"]
[PlyCount "67"]
[EventDate "2018.02.01"]
[EventType "k.o. (blitz)"]
[EventRounds "2"]
[EventCountry "GGB"]
[SourceTitle "twic1213"]
[Source "Mark Crowther"]
[SourceDate "2018.02.05"]
[SourceVersion "1"]
[SourceVersionDate "2018.02.05"]
[SourceQuality "2"]

1. d4 Nf6 2. Bf4 g6 3. Nc3 d5 4. e3 Bg7 5. h4 h5 6. Nf3 Bg4 7. Be2 Bxf3 8. Bxf3
c6 9. Qd2 Nbd7 10. O-O-O b5 11. Kb1 Nb6 12. Qd3 e6 13. Ne2 a5 14. Bg5 Bh6 15.
Bxh6 Rxh6 16. e4 dxe4 17. Bxe4 Qd6 18. Bf3 Nfd5 19. Ng3 Nf6 20. Qe3 Rh8 21. Qg5
Nbd5 22. Bxd5 Nxd5 23. Ne4 Qf4 24. Rhe1 Qxg5 25. Nxg5 Ke7 26. Rd3 Rhd8 27. Rf3
Nf6 28. c3 Rd5 29. Kc2 Rf5 30. Rxf5 gxf5 31. Nf3 Nd7 32. Ng5 Nf6 33. Nf3 Nd7
34. Ng5 {time limit 10m + 5s} 1/2-1/2

[Event "Tradewise Gibraltar Masters 16th pl/off"]
[Site "Gibraltar"]
[Date "2018.02.01"]
[Round "2.2"]
[White "Vachier-Lagrave, Maxime"]
[Black "Aronian, Levon"]
[Result "1/2-1/2"]
[WhiteElo "2793"]
[BlackElo "2797"]
[PlyCount "89"]
[EventDate "2018.02.01"]
[EventType "k.o. (blitz)"]
[EventRounds "2"]
[EventCountry "GGB"]
[SourceTitle "twic1213"]
[Source "Mark Crowther"]
[SourceDate "2018.02.05"]
[SourceVersion "1"]
[SourceVersionDate "2018.02.05"]
[SourceQuality "2"]

1. b3 d5 2. e3 Bf5 3. Bb2 e6 4. Nf3 h6 5. c4 Nf6 6. Nc3 c6 7. Be2 Be7 8. O-O
O-O 9. d3 Bh7 10. Qc2 a5 11. Rad1 Na6 12. a3 Nc5 13. Na4 Nxa4 14. bxa4 Nd7 15.
Rb1 Rb8 16. Rfd1 Re8 17. Ne5 Bf8 18. Bh5 Re7 19. c5 Ra8 20. Bd4 Nxe5 21. Bxe5
Rd7 22. f4 f6 23. Ba1 e5 24. fxe5 fxe5 25. Bg4 Re7 26. Rf1 Qe8 27. Bf5 Bxf5 28.
Rxf5 g6 29. Rf2 Bg7 30. Rbf1 Qd7 31. d4 exd4 32. Bxd4 Bxd4 33. exd4 Kh7 34. Rf6
Rg8 35. Qd2 Qg4 36. h3 Re2 37. Rf7+ Rg7 38. Qxh6+ Kxh6 39. hxg4 Rxf7 40. Rxf7
Re4 41. Rxb7 Rxd4 42. Rb6 Rxa4 43. Rxc6 Rxa3 44. Rd6 Rd3 45. Ra6 {time limit
10m + 5s} 1/2-1/2

[Event "Tradewise Gibraltar Masters 16th pl/off"]
[Site "Gibraltar"]
[Date "2018.02.01"]
[Round "2.3"]
[White "Vachier-Lagrave, Maxime"]
[Black "Aronian, Levon"]
[Result "1/2-1/2"]
[WhiteElo "2793"]
[BlackElo "2797"]
[PlyCount "125"]
[EventDate "2018.02.01"]
[EventType "k.o. (blitz)"]
[EventRounds "2"]
[EventCountry "GGB"]
[SourceTitle "twic1213"]
[Source "Mark Crowther"]
[SourceDate "2018.02.05"]
[SourceVersion "1"]
[SourceVersionDate "2018.02.05"]
[SourceQuality "2"]

1. e4 e5 2. Nf3 Nc6 3. Bb5 Nf6 4. O-O Nxe4 5. Re1 Nd6 6. Nxe5 Be7 7. Bf1 Nxe5
8. Rxe5 O-O 9. Nc3 Ne8 10. Nd5 Bd6 11. Re1 c6 12. Ne3 Be7 13. c4 Nc7 14. d4 d5
15. cxd5 Bb4 16. Bd2 Bxd2 17. Qxd2 Nxd5 18. Nxd5 Qxd5 19. Re5 Qd6 20. Bc4 b5
21. Bb3 a5 22. a3 a4 23. Ba2 Bd7 24. Rae1 Rae8 25. Qc3 Rxe5 26. dxe5 Qe7 27. h3
Be6 28. Bxe6 Qxe6 29. Rd1 f6 30. Rd6 Qxe5 31. Qxe5 fxe5 32. Rxc6 Rd8 33. Rc5 b4
34. Rxe5 Rd1+ 35. Kh2 Rd2 36. Ra5 Rxf2 37. axb4 Rxb2 38. Rxa4 Rb3 39. Ra8+ Kf7
40. Rb8 h5 41. h4 Kg6 42. Rb5 Kf6 43. g3 Rb2+ 44. Kg1 g6 45. Rb8 Kf5 46. Rb5+
Kg4 47. Rg5+ Kf3 48. Rxg6 Rxb4 49. Kh2 Rb2+ 50. Kh3 Rb1 51. Rf6+ Ke4 52. Rf8
Rb2 53. Rf4+ Ke5 54. Rf1 Ke4 55. Rf8 Rb1 56. Kg2 Rb2+ 57. Rf2 Rb5 58. Rf4+ Ke5
59. Rf8 Ke6 60. Kf3 Rf5+ 61. Rxf5 Kxf5 62. Kf2 Kf6 63. Ke3 {time limit 3m + 2s}
1/2-1/2